01236 a2200193 45000010006000000050017000060080041000230030015000640400040000790800057001192450041001760200022002172640039002393000019002785050621002970410008009181000017009268560099009435333120260407155807.0260407a2010 arg spa dAR-UNSa-BCEJYS aAR-UNSa-BCEJYSbspacAR-UNSa-BCEJYS a347.633xAdopción. Adrogación. Tutela no oficial10aAdopción siglo XXIpLeyes y deseos a978-950-07-3217-8 1aBuenos Aires :bSudamericanac2010 a255 p.c23 cm. a1. "Tengo mucho amor para dar" - 2. El nombre de la madre de origen - 3. ¿Madre abandonante? - 4. Ritos de pasaje - 5. Identidad y filiación - 6. La ley y la discriminación de los hijos adopotivos - 7. Adopción de niños mayores y el miedo a la devolución - 8. Adopción internacional:Países proveedores y países receptores - 9. Las "guardas puestas" y el tráfico con niños - 10. Relación de los futuros adoptantes con la madre de origen - 11. Tardanzas, suspensos y esperas en adopción - 12. Algunos adolescentes adoptivos - 13. Adopciones monoparentales - 14. La adopción como especialidad aspa1 aGiberti, Eva41uhttps://www.biblioeco.unsa.edu.ar/pmb/images/libros/L128417.jpgyImagen de portadaqimage/jpeg